Design and testing of electrical machines (Record no. 23295)

000 -LEADER
fixed length control field 00477nam a22001817a 4500
001 - CONTROL NUMBER
control field 23295
003 - CONTROL NUMBER IDENTIFIER
control field BD-DhUET
008 - FIXED-LENGTH DATA ELEMENTS--GENERAL INFORMATION
fixed length control field 150503b xxu||||| |||| 00| 0 eng d
040 ## - CATALOGING SOURCE
Original cataloging agency DLC
Transcribing agency DLC
Modifying agency BD-DhUET
082 ## - DEWEY DECIMAL CLASSIFICATION NUMBER
Classification number 623.13072
Item number DES/1983
100 ## - MAIN ENTRY--PERSONAL NAME
Personal name Deshpande, M. V.
245 ## - TITLE STATEMENT
Title Design and testing of electrical machines
250 ## - EDITION STATEMENT
Edition statement 1st ed.
260 ## - PUBLICATION, DISTRIBUTION, ETC. (IMPRINT)
Place of publication, distribution, etc. Allahabad
Name of publisher, distributor, etc. Wheeler
Date of publication, distribution, etc. 1983
300 ## - PHYSICAL DESCRIPTION
Extent xvi, 516 p.
Other physical details ill.
650 #0 - SUBJECT ADDED ENTRY--TOPICAL TERM
Topical term or geographic name as entry element Electrical machinery experiments
942 ## - ADDED ENTRY ELEMENTS (KOHA)
Koha item type General Book
Holdings
Copy number Price effective from Date acquired Koha normalized classification for sorting Source of classification or shelving scheme Koha full call number Shelving location Sublocation or collection (holding branch) Koha item type Koha date last seen Not for loan Piece designation (barcode) Damaged status Withdrawn status Location (home branch) Lost status
12015-05-032015-05-03623_130720000000000_DES_1983 623.13072/DES/1983Circulation sectionCentral Library, BUETGeneral Book2015-05-03 72434  Central Library, BUET 
22015-05-032015-05-03623_130720000000000_DES_1983 623.13072/DES/1983Circulation sectionCentral Library, BUETGeneral Book2015-05-03 72432  Central Library, BUET 
32015-05-032015-05-03623_130720000000000_DES_1983 623.13072/DES/1983Circulation sectionCentral Library, BUETGeneral Book2016-04-11 72431  Central Library, BUET 
42015-05-032015-05-03623_130720000000000_DES_1983 623.13072/DES/1983Circulation sectionCentral Library, BUETGeneral Book2015-05-03 72433  Central Library, BUET 
52015-06-282015-06-28623_130720000000000_DES_1983 623.13072/DES/1983Reading sectionCentral Library, BUETReading Item2015-06-28 72435  Central Library, BUET 
62015-06-282015-06-28623_130720000000000_DES_1983 623.13072/DES/1983Reading sectionCentral Library, BUETReading Item2015-06-28 72683  Central Library, BUET